| 000 | 00708aam a2200253 4500 | ||
|---|---|---|---|
| 005 | 20260416110942.0 | ||
| 008 | 150617b2010 xxu||||| |||| 00| 0 spa d | ||
| 020 | _a9789871397594 | ||
| 041 | _aESP | ||
| 082 | _a365 R621a | ||
| 100 | _aRivera Beiras, Inaki | ||
| 245 | _aAbolir o transformar: historia de las acciones sociales colectivas en las cárceles europeas | ||
| 260 | _aArgentina | ||
| 260 | _bDel Puerto | ||
| 260 | _c2010 | ||
| 300 | _a166 páginas | ||
| 490 | _aInvestigación Criminal | ||
| 650 | _aCÁRCELES | ||
| 650 | _aESTABLECIMIENTOS PENITENCIARIOS | ||
| 650 | _aDERECHOS FUNDAMENTALES | ||
| 650 | _aEUROPA OCCIDENTAL | ||
| 650 | _aRECLUSO DE ESPAÑA | ||
| 942 |
_cBK _2ddc |
||
| 999 |
_c2896 _d2896 |
||